Football by Regions - The Middle East - Statistics

General Stats
  • This quiz has been taken 5 times
  • The average score is 10 of 20
Answer Stats
Picture Answer % Correct
Al-Hilal
100%
Al-Nassr
100%
Maccabi Tel Aviv
100%
Al-Ittihad
75%
Beitar Jerusalem
75%
Maccabi Haifa
75%
Al-Ahli
50%
Al-Ain
50%
Al-Shabab
50%
Hapoel Be'er Sheva
50%
Hapoel Tel Aviv
50%
Al-Duhail
25%
Al-Ettifaq
25%
Al-Gharafa
25%
Al-Jazira
25%
Al-Sadd
25%
Al-Taawoun
25%
Al-Wasl
25%
Al-Wehda
25%
Sharjah
25%
No matching quizzes found
Score Distribution
Percent of People with Each Score
Percentile by Number Answered
Your Score History
You have not taken this quiz